<?xml version="1.0" encoding="UTF-8"?>
<marc:record xmlns:marc="http://www.loc.gov/MARC21/slim">
   <marc:leader>00000nam a2200000 a 4500</marc:leader>
   <marc:datafield ind1="1" ind2=" " tag="100">
      <marc:subfield code="a">Goodwin, Ginnifer</marc:subfield>
   </marc:datafield>
   <marc:datafield ind1="1" ind2=" " tag="100">
      <marc:subfield code="a">Carlyle, Robert</marc:subfield>
   </marc:datafield>
   <marc:datafield ind1="1" ind2=" " tag="100">
      <marc:subfield code="a">Morrison, Jennifer</marc:subfield>
   </marc:datafield>
   <marc:datafield ind1="0" ind2="0" tag="245">
      <marc:subfield code="a">Once Upon a Time - Es war einmal ... - Die komplette 2.Staffel DVD 2 [Bildtonträger]</marc:subfield>
   </marc:datafield>
   <marc:datafield ind1="0" ind2="0" tag="245">
      <marc:subfield code="b">Episoden 5-8</marc:subfield>
   </marc:datafield>
   <marc:datafield ind1="0" ind2="0" tag="245">
      <marc:subfield code="c">mit Jennifer Morrison, Robert Carlyle, Ginnifer Goodwin ...</marc:subfield>
   </marc:datafield>
   <marc:datafield ind1=" " ind2="1" tag="264">
      <marc:subfield code="b">ABC Studios</marc:subfield>
      <marc:subfield code="c">2020</marc:subfield>
   </marc:datafield>
   <marc:datafield ind1="1" ind2=" " tag="520">
      <marc:subfield code="a">Der Fluch ist gebrochen,´die Magie ist zurückgekehrt und es ist nicht abzusehen, was - oder wer - dadurch entfesselt wird! Die verbannten Märchenfi guren müssen sich ihren wiederkehrenden Erinnerungen stellen, um mit ihrem neuen Leben zurechtzukommen. Die Treue untereinander wird auf die Probe gestellt, neue Helden werden sich herauskristallisieren und rachsüchtige Bösewichte werden Chaos verursachen - samt dem rücksichtslosen Piraten Captain Hook und der schonungslos bösen Cora. Inmitten der Kulisse des vorher noch unerforschten Landes und des neuen magischen Storybrooke sind Liebe und Aufopferung die Voraussetzung für den ultimativen Kampf zwischen Gut und Böse. Um es mit den Worten von Rumpelstilzchen zu sagen: "Jeder Zauber hat seinen Preis."</marc:subfield>
   </marc:datafield>
   <marc:datafield ind1=" " ind2=" " tag="020">
      <marc:subfield code="a">8717418419059</marc:subfield>
      <marc:subfield code="9">8717418419059</marc:subfield>
   </marc:datafield>
   <marc:datafield ind1=" " ind2=" " tag="500">
      <marc:subfield code="a">Orig. : USA 2012-2013. Sprache: Deutsch (Dolby Digital 5.1), Englisch (Dolby Digital 5.1), Französisch (Dolby Digital 5.1). Untertitel: Deutsch, Englisch (für Hörgeschädigte), Französisch, Niederländisch</marc:subfield>
   </marc:datafield>
   <marc:datafield ind1="0" ind2=" " tag="490">
      <marc:subfield code="v">0</marc:subfield>
   </marc:datafield>
   <marc:datafield ind1=" " ind2=" " tag="300">
      <marc:subfield code="a">1 DVD (168 Min.) : farbig</marc:subfield>
   </marc:datafield>
</marc:record>
